| 000 | 00357nam a2200145Ia 4500 | ||
|---|---|---|---|
| 008 | 230917s9999||||xx |||||||||||||| ||und|| | ||
| 040 |
_e144950 _aMAIN |
||
| 041 | _aEnglish | ||
| 082 | _a332.456 I2F | ||
| 100 | _aMurty, G.R.K. | ||
| 245 | 0 | _aForex markets: exchange rate dynamics | |
| 260 |
_aHyderabad _bICFAI _c2002 |
||
| 300 | _a166p p. | ||
| 942 | _cBK | ||
| 999 |
_c122854 _d122854 |
||